[Event "49th Continental Open"]
[Site "Sturbridge, MA"]
[Date "2019.08.15"]
[Round "1.3"]
[White "Paciorkowski, Lev"]
[Black "Zherebukh, Yaroslav"]
[Result "0-1"]
[WhiteElo "2200"]
[BlackElo "2631"]
[PlyCount "86"]
[EventDate "2019.08.??"]
[EventType "swiss"]
[EventRounds "9"]
[EventCountry "USA"]

1. d4 Nf6 2. c4 g6 3. Nc3 Bg7 4. e4 d6 5. Nf3 O-O 6. Be2 Na6 7. O-O e5 8. Re1
exd4 9. Nxd4 Nc5 10. Bf1 Ng4 11. h3 Ne5 12. Be3 Bd7 13. Qc2 f5 14. exf5 gxf5
15. f4 Nc6 16. Nf3 b6 17. Rad1 a5 18. a3 Bxc3 19. Qxc3 Ne4 20. Qc2 Qf6 21. g4
Rae8 22. g5 Qf7 23. Kh2 Re7 24. b3 Rfe8 25. Bc1 Qh5 26. Bg2 Nd8 27. b4 Ne6 28.
Rd5 axb4 29. axb4 Rf7 30. g6 Qxg6 31. Rxe4 fxe4 32. f5 Qf6 33. fxe6 Bxe6 34.
Rg5+ Kf8 35. Qxe4 Bxh3 36. Ne5 Bc8 37. Ng4 Qxg5 38. Qxe8+ Kxe8 39. Bc6+ Kf8 40.
Bxg5 Bxg4 41. Bh6+ Ke7 42. Bg5+ Rf6 43. Be4 h6 0-1

[Event "49th Continental Open"]
[Site "Sturbridge, MA"]
[Date "2019.08.15"]
[Round "1.4"]
[White "Dragun, Kamil"]
[Black "Thomforde-Toates, Noah"]
[Result "1-0"]
[WhiteElo "2614"]
[BlackElo "2178"]
[PlyCount "89"]
[EventDate "2019.08.??"]
[EventType "swiss"]
[EventRounds "9"]
[EventCountry "USA"]

1. c4 Nf6 2. Nc3 c5 3. Nf3 Nc6 4. d4 cxd4 5. Nxd4 g6 6. g3 d6 7. Bg2 Bd7 8. O-O
Bg7 9. Nc2 O-O 10. b3 Qc8 11. Bb2 Bh3 12. Ne3 Bxg2 13. Kxg2 Ne4 14. Rc1 Qe6 15.
Ned5 Rac8 16. f3 Ng5 17. Qd2 Qh3+ 18. Kh1 Ne6 19. Ne4 Bxb2 20. Qxb2 f5 21. Nf2
Qh6 22. f4 Qg7 23. Qd2 Ned8 24. e4 e6 25. Ne3 Nd4 26. Rcd1 N8c6 27. Nc2 e5 28.
Nxd4 Nxd4 29. exf5 gxf5 30. Nd3 b5 31. fxe5 bxc4 32. bxc4 Rxc4 33. Qg2 Qf7 34.
exd6 Rc2 35. Rf2 Rfc8 36. Nf4 Rc1 37. Rfd2 R8c2 38. Qa8+ Rc8 39. Qd5 Rxd1+ 40.
Rxd1 Nc6 41. Rc1 Qxd5+ 42. Nxd5 Kf7 43. d7 Rd8 44. Rxc6 Rxd7 45. Rf6+ 1-0

[Event "49th Continental Open"]
[Site "Sturbridge, MA"]
[Date "2019.08.14"]
[Round "1"]
[White "Times, Lawyer"]
[Black "Azarov, Sergei"]
[Result "0-1"]
[WhiteElo "2139"]
[BlackElo "2589"]
[PlyCount "98"]
[EventDate "2019.08.??"]
[EventType "swiss"]
[EventRounds "9"]
[EventCountry "USA"]

1. d4 f5 2. e4 fxe4 3. Nc3 Nf6 4. Bg5 c6 5. f3 Qa5 6. Qd2 e5 7. Bxf6 gxf6 8.
fxe4 exd4 9. Qxd4 Qe5 10. Qxe5+ fxe5 11. Nf3 d6 12. Bc4 Be7 13. O-O Nd7 14. a4
Nc5 15. b4 Ne6 16. b5 Nc5 17. Rad1 Bd7 18. bxc6 bxc6 19. Rb1 Bd8 20. Nd2 Ba5
21. Rf3 Rf8 22. Rxf8+ Kxf8 23. Rf1+ Ke8 24. Ncb1 Rb8 25. Nb3 Bb4 26. N3d2 Nxa4
27. Rf6 a5 28. Rh6 Bc5+ 29. Kf1 Rb2 30. Rxh7 Rxc2 31. Bb3 Rc1+ 32. Ke2 Nb6 33.
Kd3 a4 34. Bf7+ Kd8 35. Nc3 Bc8 36. Ndb1 Ba6+ 37. Kd2 Rg1 38. Rg7 a3 39. h4 d5
40. h5 Rxb1 41. h6 Nc4+ 42. Kc2 Rb2+ 43. Kd1 Ne3+ 44. Kc1 Rc2+ 45. Kb1 Rxc3 46.
h7 Bd3+ 47. Ka2 Bc4+ 48. Kb1 a2+ 49. Kb2 Nd1+ 0-1

[Event "49th Continental Open"]
[Site "Sturbridge, MA"]
[Date "2019.08.14"]
[Round "1"]
[White "Yan, Benjamin"]
[Black "Balakrishnan, Praveen"]
[Result "0-1"]
[WhiteElo "1952"]
[BlackElo "2433"]
[PlyCount "74"]
[EventDate "2019.08.??"]
[EventType "swiss"]
[EventRounds "9"]
[EventCountry "USA"]

1. d4 Nf6 2. Nf3 d5 3. Bf4 e6 4. e3 Bd6 5. Bg3 O-O 6. Bd3 b6 7. Ne5 c5 8. c3
Bb7 9. Nd2 Nc6 10. f4 Ne7 11. Bh4 Ne4 12. Bxe7 Qxe7 13. O-O f6 14. Nef3 Bc6 15.
Qe2 a6 16. c4 Bb7 17. Rfd1 g6 18. cxd5 Nxd2 19. Qxd2 exd5 20. f5 Kg7 21. Qf2
Rae8 22. Re1 c4 23. Bc2 g5 24. Nd2 Qc7 25. g3 c3 26. bxc3 Qxc3 27. Bb3 Bb4 28.
Nf1 Qc7 29. Rac1 Qd7 30. Re2 Ba3 31. Rc3 Bb4 32. Rc1 Ba3 33. Rc3 a5 34. Rec2
Re7 35. Qf3 a4 36. Rc7 axb3 37. Rxd7 bxc2 0-1

[Event "49th Continental Open"]
[Site "Sturbridge, MA"]
[Date "2019.08.14"]
[Round "1"]
[White "Lapshun, Yury"]
[Black "Klenoff, Caleb"]
[Result "1-0"]
[WhiteElo "2391"]
[BlackElo "1909"]
[PlyCount "39"]
[EventDate "2019.08.??"]
[EventType "swiss"]
[EventRounds "9"]
[EventCountry "USA"]

1. d4 e6 2. Bf4 f5 3. g4 fxg4 4. h3 gxh3 5. e4 Nf6 6. Bd3 d5 7. e5 Ne4 8. Qg4
Be7 9. Nxh3 c5 10. dxc5 g6 11. b4 Bh4 12. Nd2 Nxd2 13. Kxd2 Nc6 14. a3 Nd4 15.
Ng1 g5 16. Rxh4 gxh4 17. Bg5 Qd7 18. Bf6 Rf8 19. Qxd4 Qf7 20. Qxh4 1-0

[Event "49th Continental Open"]
[Site "Sturbridge, MA"]
[Date "2019.08.07"]
[Round "1"]
[White "Mulyar, Michael"]
[Black "Krishnakumar, Sriram"]
[Result "1-0"]
[WhiteElo "2382"]
[BlackElo "1854"]
[PlyCount "53"]
[EventDate "2019.08.??"]
[EventType "swiss"]
[EventRounds "9"]
[EventCountry "USA"]

1. d4 d5 2. Nf3 Nf6 3. c4 c6 4. e3 e6 5. Bd3 dxc4 6. Bxc4 b5 7. Bd3 a6 8. a4 b4
9. O-O Nbd7 10. e4 c5 11. d5 exd5 12. exd5 Bd6 13. Re1+ Kf8 14. Nbd2 Nb6 15.
Nc4 Nxc4 16. Bxc4 Bb7 17. Qd3 h6 18. b3 Be7 19. Bb2 Ne8 20. Ne5 Nd6 21. Nc6
Bxc6 22. dxc6 Nxc4 23. Qxc4 Qd6 24. Qe4 Rd8 25. Rad1 Qxd1 26. Qxe7+ Kg8 27. c7
1-0